<?xml version="1.0" encoding="UTF-8"?>
<record
    xmlns:xsi="http://www.w3.org/2001/XMLSchema-instance"
    xsi:schemaLocation="http://www.loc.gov/MARC21/slim http://www.loc.gov/standards/marcxml/schema/MARC21slim.xsd"
    xmlns="http://www.loc.gov/MARC21/slim">

  <leader>00702nam a2200181 a 4500</leader>
  <controlfield tag="001">BRCA_1903</controlfield>
  <controlfield tag="005">20190320203609.0</controlfield>
  <controlfield tag="008">060608s1997----gw-a---###---#000-0#spa-#</controlfield>
  <datafield tag="050" ind1=" " ind2="4">
    <subfield code="a">NK2715</subfield>
    <subfield code="b">.C54 1997</subfield>
  </datafield>
  <datafield tag="245" ind1="1" ind2="0">
    <subfield code="a">100 [i.e. Cien] sillas cl&#xE1;sicas</subfield>
    <subfield code="b">una exposici&#xF3;n de miniaturas del Vitra Design Museum.</subfield>
  </datafield>
  <datafield tag="260" ind1=" " ind2=" ">
    <subfield code="a">Munich</subfield>
    <subfield code="b">Vitra Design Museum</subfield>
    <subfield code="c">1997</subfield>
  </datafield>
  <datafield tag="300" ind1=" " ind2=" ">
    <subfield code="a">1 v. (sin paginaci&#xF3;n)</subfield>
    <subfield code="b">il.</subfield>
    <subfield code="c">17 cm.</subfield>
  </datafield>
  <datafield tag="610" ind1="2" ind2="4">
    <subfield code="a">Museo Vitra Design (Weil am Rhein, Suiza)</subfield>
    <subfield code="x">Colecciones de piezas a escala</subfield>
    <subfield code="9">5873</subfield>
  </datafield>
  <datafield tag="650" ind1="1" ind2="4">
    <subfield code="a">Sillas</subfield>
    <subfield code="x">Dise&#xF1;o</subfield>
    <subfield code="y">1800-1990</subfield>
    <subfield code="9">5874</subfield>
  </datafield>
  <datafield tag="650" ind1="1" ind2="4">
    <subfield code="a">Mobiliario</subfield>
    <subfield code="x">Dise&#xF1;o</subfield>
    <subfield code="y">Siglos XIX y XX</subfield>
    <subfield code="9">5875</subfield>
  </datafield>
  <datafield tag="650" ind1="1" ind2="4">
    <subfield code="a">Dise&#xF1;adores industriales</subfield>
    <subfield code="v">Biograf&#xED;as</subfield>
    <subfield code="y">Siglo XIX y XX</subfield>
    <subfield code="9">5876</subfield>
  </datafield>
  <datafield tag="942" ind1=" " ind2=" ">
    <subfield code="2">lcc</subfield>
    <subfield code="c">B</subfield>
  </datafield>
  <datafield tag="999" ind1=" " ind2=" ">
    <subfield code="c">1676</subfield>
    <subfield code="d">1676</subfield>
  </datafield>
  <datafield tag="952" ind1=" " ind2=" ">
    <subfield code="0">0</subfield>
    <subfield code="1">0</subfield>
    <subfield code="4">0</subfield>
    <subfield code="7">0</subfield>
    <subfield code="a">BRCA</subfield>
    <subfield code="b">BRCA</subfield>
    <subfield code="d">2008-07-30</subfield>
    <subfield code="l">0</subfield>
    <subfield code="o">NK2715 .C54 1997</subfield>
    <subfield code="p">01566</subfield>
    <subfield code="r">2019-03-22 00:00:00</subfield>
    <subfield code="w">2019-03-22</subfield>
    <subfield code="y">B</subfield>
  </datafield>
</record>
